=LDR 00000nam 2200000 4500 =001 INLIS000000000011197 =005 20130612102803 =008 ***********************************Ind** =035 ##$$0010-061300000011197 =041 ##$$a Ind =082 ##$$a 574.07 =090 ##$$a 574.07; bRah c =100 ##$$a Raharja, Panca =245 ##$$a Cara aktif dalam belajar( CADAR) biologi, untuk SLTP cawu I sesui kurikulum 1994 suplemen GBPP kelas 3, Pantja Rahardja Spd; Drs.Muryono =700 ##$$a Muryono =850 ##$$a NBPNMAT